000 00362nam a2200145Ia 4500
008 240624s9999 xx 000 0 und d
041 _aeng
082 _a340 MON
100 _aMONAGHAN NICOLA
245 _aCRIMINAL LAW DIRECTION
250 _a(3rd ed.)
260 _c2014
_aNew Delhi
_bOxford India
300 _axxxv, : 427 : p. : cm. ; 24
365 _cRS
_b25
999 _c23823
_d23823